=LDR 00000nam 2200000 4500 =001 INLIS000000000008620 =005 20130612100452 =008 ***********************************Ind** =035 ##$$0010-061300000008620 =041 ##$$a Ind =082 ##$$a 297.07 =090 ##$$a 297.07, Sha a =100 ##$$a Sharif =245 ##$$a Alam Fikiran Islam, M.M.Sharif =260 ##$$a 1979 $b Bandung =300 ##$$a 165 hlm, 21 cm =650 ##$$a Islam